[Event "WchT Seniors 65"]
[Site "Radebeul"]
[Date "2016.07.02"]
[Round "7.23"]
[White "Thalheim, Peter"]
[Black "Aroua, Ahmed"]
[Result "0-1"]
[WhiteElo "1827"]
[BlackElo "1516"]
[PlyCount "72"]
[EventDate "2016.06.26"]
[EventType "team-swiss"]
[EventRounds "9"]
[EventCountry "GER"]
[SourceTitle "CBM 173 Extra"]
[Source "ChessBase"]
[SourceDate "2016.08.29"]
[SourceVersion "1"]
[SourceVersionDate "2016.08.29"]
[SourceQuality "1"]
[WhiteTeam "Dresden Striesen"]
[BlackTeam "Tunisia"]
[WhiteTeamCountry "GER"]
[BlackTeamCountry "TUN"]

1. c4 e5 2. Nc3 Nf6 3. g3 d5 4. cxd5 Nxd5 5. Bg2 c6 6. Nxd5 cxd5 7. Qb3 e4 8. d3 f5 9. Nh3 Nc6 10. 0-0 Nd4 11. Qa4+ Nc6 12. dxe4 fxe4 13. Nf4 Bc5 14. Rd1 0-0 15. Bxe4 Bxf2+ 16. Kg2 Ne7 17. Nxd5 Ng6 18. Nf4 Nxf4+ 19. Bxf4 Qb6 20. Qc4+ Kh8 21. Rd6 Qxb2 22. Rb1 Qa3 23. Kxf2 Qxd6 24. Kg1 Rxf4 25. gxf4 Bh3 26. Bf3 Qg6+ 27. Kf2 Qxb1 28. Kg3 Bf5 29. Kf2 Rc8 30. Qa4 Qb6+ 31. Kg2 Qh6 32. Bxb7 Qh3+ 33. Kf2 Qh4+ 34. Ke3 Rc3+ 35. Kd2 Rc2+ 36. Ke3 Qe7+ 0-1